| 000 | 00629cam a2200193 4500 | ||
|---|---|---|---|
| 001 | WB3548-04 | ||
| 008 | 000000n1999 000 0 eng u | ||
| 035 | _a(Sirsi) u103044 | ||
| 245 | _aSainsbury revamps Homebase | ||
| 260 | _c1999 | ||
| 490 |
_aFinancial Times _v 4 December 1999, 12(1) |
||
| 520 | _aSainsbury is revamping its Homebase chain of stores, in an attempt to appeal to younger consumers. It hopes to open up to 100 new branches across the UK. | ||
| 590 | _aWB | ||
| 650 | _aSAINSBURY | ||
| 650 | _aHOMEBASE | ||
| 650 | _aDIY STORES | ||
| 690 | _aPROPERTY-COMMERCIAL PROPERTY-RETAIL PROPERTY | ||
| 942 | _n0 | ||
| 999 |
_c61921 _d61921 |
||